Kpop Fandom Names - Statistics

General Stats
  • This quiz has been taken 552 times
  • The average score is 15 of 23
Answer Stats
Fandom Name Group % Correct
Blink Blackpink
98%
Stay Stray Kids
98%
IGot7 Got7
96%
MooMoo Mamamoo
96%
ReVeLuv Red Velvet
96%
Once Twice
96%
Atiny Ateez
94%
Nctzen NCT
93%
Carat Seventeen
93%
MOA TxT
90%
Hidden Kard KARD
85%
Mizsy Itzy
79%
Monbebe Monsta X
69%
Pink Panda Apink
63%
Aroha Astro
57%
Luvity Cravity
56%
THE B The Boyz
46%
Merry Go Round Momoland
29%
So One Girls Generation
15%
Choice A.C.E
12%
GEM MCND
12%
Ki-Ling Weki Meki
8%
BB DKB
7%
No matching quizzes found
Score Distribution
Percent of People with Each Score
Percentile by Number Answered
Your Score History
You have not taken this quiz